Les 20 départements comptant le plus de communes en France - Statistiques

Statistiques générales
  • Ce quiz a été pris 60 fois
  • Le résultat moyen est 14 sur 20
Statistiques - réponses
Hint Réponse % Correct
887 Pas-de-Calais
98%
647 Nord
96%
534 Gironde
85%
771 Somme
81%
680 Oise
79%
797 Aisne
77%
514 Bas-Rhin
74%
526 Calvados
72%
707 Seine-Maritime
72%
610 Marne
70%
725 Moselle
70%
591 Meurthe-et-Moselle
68%
545 Pyrénées-Atlantiques
68%
563 Saône-et-Loire
66%
698 Côte-d'Or
64%
563 Doubs
64%
585 Eure
64%
586 Haute-Garonne
62%
512 Isère
57%
536 Haute-Saône
51%
Aucun quiz correspondant
Distribution des résultats
% des personnes avec chaque résultat
Percentile par nombre de réponses
Votre historique - résultats
Vous n’avez pas pris ce quiz